| 000 | 00000nam##2200000za#4500 |
| 001 | 9.663688 |
| 003 | CaOODSP |
| 005 | 20210615121148 |
| 007 | ta |
| 008 | 150407|2002||||xxc||||| f|0| 0 fre|d |
| 020 | |a0-662-66518-X |
| 022 | |a1482-9770 |
| 040 | |aCaOODSP|bfre |
| 041 | |aeng |
| 041 | |afre |
| 043 | |an-cn--- |
| 086 | 1 |aA21-44/2002 |
| 110 | 1 |aCanada. |bAgriculture et agroalimentaire Canada. |bDirection générale des politiques stratégiques. |
| 245 | 10|aRevenu agricole, situation financière et aide gouvernementale : |brecueil de données / |cPublié par la Direction des politiques sur le revenu agricole et l'adaptation. |
| 260 | |aOttawa - Ontario : |bAgriculture et Agroalimentaire Canada. |c2002. |
| 300 | |aTexte français, 97p. : |bgraphiques, tableaux ; |c28 cm. |
| 546 | |aBilingue |
| 563 | |aReliure à spirale |
| 590 | |a02-17|b2002-04-26 |
| 691 | 07|aProgramme d'aide agricole|2gcpds |
| 691 | 07|aRevenu|2gcpds |
| 691 | 07|aExploitation agricole|2gcpds |
| 776 | 0#|tRevenu agricole, situation financière et aide gouvernementale : |w(CaOODSP)9.637694 |
| 776 | 0#|tFarm income, financial conditions and government assistance : |w(CaOODSP)9.693516 |
| 791 | |tFarm income, financial conditions and government assistance : |eeng|w(CaOODSP)9.663687 |
| 986 | |aPublication 2119/B |